00631nam a2200157 a 4500001001000000003000900010005001700019008004100036020001500077040002500092245006600117246012500183260006500308300003600373710006400409000039536DO-SdBNP20250206132130.0130705s20uu dr 000 0 spa d a9993488895 aDO-SdBNPbspacBNPHU00aLibro de actas del Consejo Nacional de Cultura :bmemorias /.14aLibro de actas del Consejo Nacional de Cultura :bliniamientos del Plan Decenal de Cultura, ley general de cultura 41-00 aSanto Domingo :bSecretaría de Estado de Cultura,c[200?]. a108 p. :bil., retrs. ;c29 cm.1 aRepública Dominicana.bSecretaría de Estado de Cultura.